000 00471nam a2200157 i 4500
001 150583
003 ES-MaACL
005 20230906203602.0
007 t|
008 071031s1973 sp ||||1| spa d
100 1 _aValor, Enric.
_9112978
245 1 0 _aCurso medio de gramática catalana, referida especialmente al País Valenciano /
_cEnric Valor.
260 _aValencia :
_bGorg,
_c1973.
300 _aVIII, 392 p. ;
_c20 cm.
852 _aES-MaACL
_jC-52823
_bR.85987
999 _c150583
_d150583